header

Service user and career involvement (Record no. 78608)

MARC details
000 -LEADER
fixed length control field 01456nam a2200373 a 4500
082 04 - DEWEY DECIMAL CLASSIFICATION NUMBER
Classification number 361.3068
245 00 - TITLE STATEMENT
Title Service user and career involvement
260 ## - PUBLICATION, DISTRIBUTION, ETC. (IMPRINT)
Place of publication Edinburgh :
Name of publisher Dunedin Academic,
Year of publication c2008.
300 ## - PHYSICAL DESCRIPTION
Number of Pages vii, 87 p. :
Other physical details ill.
490 1# - SERIES STATEMENT
Series statement Policy and practice in health and social care,
650 #0 - SUBJECT ADDED ENTRY--TOPICAL TERM
Topical Term Social work administration
Topical Term Social work education
700 1# - ADDED ENTRY--PERSONAL NAME
Personal name McPhail, Mo.
856 40 - ELECTRONIC LOCATION AND ACCESS
Uniform Resource Identifier http://site.ebrary.com/lib/rucke/Doc?id=10411900

No items available.

© 2026 Rongo University
Contact us: librarian | system librarian | Rongo university